[Event "RSA-ch U14"]
[Site "Waterkloof"]
[Date "2015.04.06"]
[Round "3"]
[White "Romans, Keegan"]
[Black "Millard, Chad"]
[Result "0-1"]
[WhiteElo "1316"]
[BlackElo "1125"]
[PlyCount "112"]
[EventDate "2015.04.04"]
[EventType "swiss"]
[EventRounds "9"]
[EventCountry "RSA"]
[SourceTitle "CBM 166 Extra"]
[Source "ChessBase"]
[SourceDate "2015.06.18"]
[SourceVersion "1"]
[SourceVersionDate "2015.06.18"]
[SourceQuality "1"]

1. d4 d5 2. Bf4 Nf6 3. h3 c6 4. Nf3 e6 5. e3 Bd6 6. Bg5 Nbd7 7. Bd3 0-0 8. 0-0 e5 9. dxe5 Nxe5 10. Be2 h6 11. Bxf6 Qxf6 12. c3 Re8 13. Nbd2 Bf5 14. Qb3 Re7 15. Qd1 Rae8 16. Nd4 Bd7 17. Qb3 Qg6 18. Kh1 Bb8 19. Qd1 Qd6 20. N4f3 Re6 21. Nxe5 Rxe5 22. Nf3 Rf5 23. g3 Rf6 24. Kg2 Rxe3 25. Qd2 Re8 26. Rad1 Bxh3+ 27. Kxh3 Qe6+ 28. Kg2 Qxe2 29. Qxe2 Rxe2 30. Rfe1 Rxe1 31. Rxe1 Re6 32. Rd1 Re2 33. Rd2 Rxd2 34. Nxd2 Kf8 35. Nb3 Ke7 36. Nc5 b6 37. Nb3 Be5 38. Nc1 d4 39. c4 c5 40. b3 Kf6 41. Nd3 Kf5 42. Kf3 h5 43. Ke2 g5 44. Kf3 h4 45. g4+ Ke6 46. Kg2 f5 47. gxf5+ Kxf5 48. f3 Bf4 49. Ne1 Bg3 50. Nd3 g4 51. fxg4+ Kxg4 52. b4 h3+ 53. Kh1 Bd6 54. Nf2+ Kf3 55. bxc5 Bxc5 56. Nxh3 d3 0-1

[Event "RSA-ch U14"]
[Site "Waterkloof"]
[Date "2015.04.04"]
[Round "2"]
[White "Fibiger, Jethro Nathanael"]
[Black "Romans, Keegan"]
[Result "1-0"]
[WhiteElo "1473"]
[BlackElo "1316"]
[PlyCount "49"]
[EventDate "2015.04.04"]
[EventType "swiss"]
[EventRounds "9"]
[EventCountry "RSA"]
[SourceTitle "CBM 166 Extra"]
[Source "ChessBase"]
[SourceDate "2015.06.18"]
[SourceVersion "1"]
[SourceVersionDate "2015.06.18"]
[SourceQuality "1"]

1. d4 e6 2. c4 d5 3. Nf3 Nf6 4. g3 Nc6 5. Bg2 b6 6. 0-0 Bb7 7. cxd5 exd5 8. Nc3 Be7 9. Bf4 0-0 10. Rc1 Re8 11. Bh3 Bd6 12. Bg5 Be7 13. Bf4 Bc8 14. Bxc8 Qxc8 15. Nb5 Bd8 16. Rxc6 Qa6 17. Nxc7 Bxc7 18. Rxc7 Qxa2 19. Rc2 Nh5 20. Be5 g6 21. Qc1 f6 22. g4 fxe5 23. gxh5 exd4 24. Nxd4 Rf8 25. hxg6 1-0